Kémikusok nemzetközi konferenciája Szegeden

Elmentve itt :
Bibliográfiai részletek
Dokumentumtípus: Cikk
Megjelent: 1976-09-28
Sorozat:Délmagyarország 66 No. 229
Kulcsszavak:tanácskozások, pályázatok
Online Access:http://dmarchiv.bibl.u-szeged.hu/118976
LEADER 00432nab a2200145 i 4500
001 delm118976
005 20190503093257.0
008 190503s1976 hu o 0|| hun d
040 |a SZTE Délmagyarország Archívum  |b hun 
041 |a hun 
245 0 0 |a Kémikusok nemzetközi konferenciája Szegeden  |h [elektronikus dokumentum] 
260 |c 1976-09-28 
300 |a 1 
490 0 |a Délmagyarország  |v 66 No. 229 
695 |a tanácskozások, pályázatok